Antonio José de Sucre / (Record no. 23953)

MARC details
000 -LEADER
campo de control de longitud fija 00826nam a2200205 i 4500
001 - NÚMERO DE CONTROL
campo de control 23953
003 - IDENTIFICADOR DE NÚMERO DE CONTROL
campo de control ES-MaACL
005 - FECHA Y HORA DE LA ÚLTIMA TRANSACCIÓN
campo de control 20251009195157.0
007 - CAMPO FIJO DE DESCRIPCIÓN FÍSICA--INFORMACIÓN GENERAL
campo de control de longitud fija t|
008 - DATOS DE LONGITUD FIJA--INFORMACIÓN GENERAL
campo de control de longitud fija 021213s1930 cu ||||1| spa d
100 1# - ENTRADA PRINCIPAL--NOMBRE DE PERSONA
Nombre de persona Andrade, Roberto.
9 (RLIN) 21521
245 10 - MENCIÓN DEL TÍTULO
Título Antonio José de Sucre /
Mención de responsabilidad, etc. discurso leído por el académico correspondiente, Sr. Roberto Andrade, en la sesión celebrada el 4 de junio de 1930 en conmemoración del centenario de la muerte del gran mariscal de Ayacucho.
260 ## - PUBLICACIÓN, DISTRIBUCIÓN, ETC.
Lugar de publicación, distribución, etc. La Habana :
Nombre del editor, distribuidor, etc. [s.n.],
Fecha de publicación, distribución, etc. 1930 (
Fabricante Imp. Siglo XX)
300 ## - DESCRIPCIÓN FÍSICA
Extensión 40 p. :
Otras características físicas 1 retr. ;
Dimensiones 28.
500 ## - NOTA GENERAL
Nota general Precede al tít.: Academia de la Historia de Cuba.
600 17 - PUNTO DE ACCESO ADICIONAL DE MATERIA--NOMBRE DE PERSONA
Nombre de persona Sucre, Antonio José de,
Fechas asociadas al nombre 1795-1830
Fuente del encabezamiento o término
9 (RLIN) 159067
710 2# - ENTRADA AGREGADA--NOMBRE DE ENTIDAD CORPORATIVA
Nombre de entidad corporativa o nombre de jurisdicción como elemento de entrada Academia de la Historia de Cuba.
9 (RLIN) 1183
852 ## - LOCALIZACIÓN
Ubicación ES-MaACL
Número de control de estantería 1746-F-6
Holdings
Estatus retirado Estado de pérdida Estado de daño No para préstamo Colección Biblioteca de origen Biblioteca actual Ubicación en estantería Fecha de adquisición Fuente de adquisición Total de préstamos Signatura topográfica completa Código de barras Visto por última vez Precio de reemplazo Tipo de ítem Koha
        Colección de folletos Biblioteca del Ateneo de Madrid Biblioteca del Ateneo de Madrid Depósito folletos 17/01/2008     1746-F-6 1024689 23/02/2023 23/02/2023 Folleto